| 000 | 04627cam a2200781 a 4500 | ||
|---|---|---|---|
| 001 | ocm50694787 | ||
| 003 | OCoLC | ||
| 005 | 20200320204544.0 | ||
| 007 | ta |||||||||||||||||||| | ||
| 008 | 020919s2003 nyu 000 1 eng | ||
| 010 | _a 2002034965 | ||
| 019 |
_a52754044 _a670723583 _a671807318 _a731401750 _a798637676 |
||
| 020 | _a0385336667 | ||
| 020 | _a9780385336666 | ||
| 020 | _c24.95 | ||
| 029 | 1 |
_aAU@ _b000024129941 |
|
| 029 | 1 |
_aNZ1 _b7208372 |
|
| 029 | 1 |
_aYDXCP _b1935288 |
|
| 035 |
_a(OCoLC)50694787 _z(OCoLC)52754044 _z(OCoLC)670723583 _z(OCoLC)671807318 _z(OCoLC)731401750 _z(OCoLC)798637676 |
||
| 040 |
_aDLC _beng _cDLC _dXY4 _dBAKER _dBTCTA _dYDXCP _dCNRHP _dOCLCQ _dCNGNQ _dOCLCF _dOCLCQ _dOCLCO _dBDX _dOCLCQ _dDDAJL _dOCLCO _dOCL _dBENPL _dWACOL |
||
| 043 | _an-us-me | ||
| 049 | _aWACL | ||
| 050 | 0 | 0 |
_aPS3553.H4838 _bP4 2003 |
| 082 | 0 | 0 |
_a813/.54 _221 |
| 092 |
_aF _bChi |
||
| 100 | 1 |
_aChild, Lee. _944627 |
|
| 245 | 1 | 0 |
_aPersuader / _cLee Child. |
| 260 |
_aNew York : _bDelacorte Press, _c2003. |
||
| 300 |
_a342 pages ; _c24 cm. |
||
| 336 | _atext | ||
| 337 | _aunmediated | ||
| 338 | _avolume | ||
| 490 | 1 | _aA Jack Reacher thriller | |
| 500 | _aA Reacher novel. | ||
| 520 | _aJack Reacher. The ultimate loner. An elite ex-military cop who left the service years ago, he's moved from place to place-without family-without possessions-without commitments. And without fear. Which is good, because trouble-big, violent, complicated trouble-finds Reacher wherever he goes. And when trouble finds him, Reacher does not quit, not once-not ever. But some unfinished business has now found Reacher. And Reacher is a man who hates unfinished business. Ten years ago, a key investigation went sour and someone got away with murder. Now a chance encounter brings it all back. Now Reacher sees his one last shot. Some would call it vengeance. Some would call it redemption. Reacher would call it-justice. Jack Reacher takes an undercover assignment to investigate the disappearance of a federal agent from the home of a notorious drug dealer, but Reacher soon discovers that the dealer has ties to a man from Reacher's own past. | ||
| 521 |
_aFiction _b, amazon |
||
| 650 | 0 |
_aReacher, Jack (Fictitious character) _vFiction. _95674707 |
|
| 650 | 0 |
_aMilitary police _vFiction. _95702856 |
|
| 650 | 0 |
_aMissing persons _vFiction. _95946934 |
|
| 650 | 0 |
_aDrug traffic _vFiction. _95674915 |
|
| 651 | 0 |
_aMaine _vFiction. _95679205 |
|
| 650 | 7 |
_aDrug traffic. _2fast _0(OCoLC)fst00898722 _95946935 |
|
| 650 | 7 |
_aMilitary police. _2fast _0(OCoLC)fst01021385 _987812 |
|
| 650 | 7 |
_aMissing persons. _2fast _0(OCoLC)fst01023702 _95946936 |
|
| 650 | 7 |
_aReacher, Jack (Fictitious character) _2fast _0(OCoLC)fst01090505 _999091 |
|
| 651 | 7 |
_aMaine. _2fast _0(OCoLC)fst01204270 _95946937 |
|
| 650 | 7 |
_aReacher, Jack (Fictitious character) _xFiction. _95946938 |
|
| 655 | 7 |
_aSuspense fiction. _2fast _0(OCoLC)fst01726755 _95946939 |
|
| 655 | 4 |
_aSuspense fiction. _95946939 |
|
| 655 | 7 |
_aFiction. _2fast _0(OCoLC)fst01423787 _95673940 |
|
| 655 | 7 |
_aSuspense fiction. _2gsafd _95946939 |
|
| 655 | 7 |
_aThrillers (Fiction) _2lcgft _95697221 |
|
| 830 | 0 |
_aJack Reacher thriller. _95946940 |
|
| 856 | 4 | 1 |
_3Sample text _uhttp://catdir.loc.gov/catdir/samples/random045/2002034965.html |
| 856 | 4 | 2 |
_3Contributor biographical information _uhttp://catdir.loc.gov/catdir/bios/random054/2002034965.html |
| 856 | 4 | 2 |
_3Publisher description _uhttp://catdir.loc.gov/catdir/description/random0413/2002034965.html |
| 856 | 4 |
_iInput this URL in a browser to get GIF cover art data. _qGIF _uhttp://firstsearch.oclc.org/WebZ/DCARead?standardNoType=1&standardNo=9780440245988:srcdbname=worldcat:fromExternal=true&sessionid=0 _3cover art |
|
| 856 | 4 |
_iInput this URL in a browser to get HTML Excerpt data. _qHTML _uhttp://firstsearch.oclc.org/WebZ/DECRead?standardNoType=1&standardNo=9780440245988&sessionid=0&srcdbname=worldcat&key=37b311d818375c9e300f6bafae0998f058e5d8d140ed866a4c93ec1dc9f5edfa&ectype=EXCERPT _3Excerpt |
|
| 938 |
_aBaker & Taylor _bBKTY _c24.95 _d18.71 _i0385336667 _n0004087865 _sactive |
||
| 938 |
_aBrodart _bBROD _n60012056 |
||
| 938 |
_aBaker and Taylor _bBTCP _n2002034965 |
||
| 938 |
_aYBP Library Services _bYANK _n1935288 |
||
| 942 |
_cBOOK _022 |
||
| 948 |
_a07/18/2017 _zSirsi |
||
| 994 |
_aC0 _bWACOL |
||
| 996 |
_a141489 _b34301001528506 _cF _dbk _ewcl _fi _g21 _h24.95 _lamazon _mChi _p07/19/2017 _q02/24/2020 _r02/14/2020 |
||
| 996 |
_a141489 _b34301001607995 _cpbkf _dPBK _ewcl _fi _g1 _h9.99 _lgift _mChi _p06/01/2018 _q11/26/2018 _r10/15/2018 |
||
| 999 |
_c302183 _d302182 |
||